000 00675cam a2200253 4500
008 090401t1979 xxu||||| |||| 00| 0 eng d
020 _a0851250939
035 _a(Sirsi) u3012
041 _aeng
050 _a690
110 _aBuilding Research Establishment
245 _aStructural design in architecture
260 _aGarston, Watford
_bBuilding Research Establishment
_c1979
300 _a8p.; ill.; 30cm.
350 _a0
490 _aBRE Digest
_v12
520 _a1985 reprint
650 _aARCHITECTURE
650 _aSTRUCTURAL DESIGN
650 _aSTRUCTURES
690 _aBUILT ENVIRONMENT-CONSTRUCTION DESIGN
942 _n0
948 _c04/03/1997
999 _c85842
_d85842